| 000 | 00487cam a22001457a 4500 | ||
|---|---|---|---|
| 008 | 180718b2001 xxu||||| |||| 00| 0 eng d | ||
| 082 | _aT212 B146 | ||
| 100 | _aBagchi, Sanjoy | ||
| 245 |
_aInternational trade policy in textiles: fifty years of protectionism _cby Sanjoy Bagchi |
||
| 260 |
_aGeneva _bInternational Textiles and Clothing Bureau _c2001 |
||
| 300 | _a350p. | ||
| 650 | _aTextile fabrics - Law and legislation | ||
| 650 | _aTextile industry | ||
| 650 | _aInternational trade | ||
| 999 |
_c492893 _d492893 |
||